Welcome to the Holygrace Academy Library

Please use search bar below to get started

BUDHAN PIRANNA MANNIL (Record no. 6985)

MARC details
000 -LEADER
fixed length control field 00340nam a22001457a 4500
020 ## - INTERNATIONAL STANDARD BOOK NUMBER
ISBN 81-7180-762-3
082 ## - DEWEY DECIMAL CLASSIFICATION NUMBER
Classification number 894.812
Item number MOH/B
100 ## - MAIN ENTRY--AUTHOR NAME
Personal name MOHANVARMA, K L
245 ## - TITLE STATEMENT
Title BUDHAN PIRANNA MANNIL
250 ## - EDITION STATEMENT
Edition statement NINTH EDITION
260 ## - PUBLICATION, DISTRIBUTION, ETC. (IMPRINT)
Place of publication KOZHIKODE
Name of publisher POORNA PUBLICATIONS
Year of publication 2014
300 ## - PHYSICAL DESCRIPTION
Number of Pages 76
650 ## - SUBJECT ADDED ENTRY--TOPICAL TERM
Topical Term TRAVELOGUE
Geographic subdivision KERALA
942 ## - ADDED ENTRY ELEMENTS (KOHA)
Koha item type Books
Holdings
Withdrawn status Lost status Collection code Home library Current library Shelving location Date acquired Source of acquisition Cost, normal purchase price Full call number Accession Number Koha item type
    Non-fiction Main Library Main Library NEW SHELF WITH NEW ENTRY 26/10/2023 purchase 65.00 894.812 MOH/B 13154 Books